000 02418nam a2200349 i 4500
999 _c65456
_d65456
001 768714001
003 CO-MdFUSB
005 20200318151536.0
007 ta
008 200311t2010 ck |||| |||| 00| 0 spa d
020 _a9789584224972
040 _aCO-MdFUSB
_bspa
_cCO-MdFUSB
_dCO-MdFUSBC
_erda
041 _aspa
082 _223
_a303.387
_bR918
100 _aRueda, María Isabel.
_eautor
245 1 _aPeriodismo y poder :
_bCasi toda la verdad
_c/ María Isabel Rueda
264 1 _aColombia :
_bPlaneta,
_c[2010]
264 4 _c© 2010
300 _a272 páginas
_c; 24 cm
336 _2rdacontent
_atexto
_btxt
337 _2rdamedia
_asin mediación
_bn
338 _2rdacarrier
_avolumen
_bnc
505 _aPrólogo. -- Enrique Santos Calderón, el heredero rebelde. -- Juan Goassaín Abdala, el escritor que estaba prestado al periodismo -- Álvaro Gómez Hurtado, el periodista que iba a ser presidente. -- Yamid Amat Ruiz, el hombre que nació sabiendo lo que tenía que preguntar. -- Felipe López Caballero, el empresario al que no le creyeron lo periodista que iba a ser.
520 _aCon atrevimiento y sagacidad, María Isabel Rueda ha logrado tirarles la lengua a cuatro grandes del periodismo colombiano y los ha puesto a hablar de cosas que, hasta hoy, no habían querido tocar. Así, la cara oculta de más de 25 años de la reciente historia del país se revela por primera vez. Hechos desconocidos en la relación entre los periodistas y el poder en medio de bombas, atentados, secuestros, intentos de chantaje, escándalos políticos y corrupción. Los tira y aflojes de siempre entre reporteros y políticos, en los que a pesar de todo no faltan episodios picarescos que nos hacen reír. Yamid Amat, Juan Gossaín, Felipe López y Enrique Santos Calderón quizás se arrepientan de haber contado tanto en este libro, porque aquí está Casi toda la verdad. Un perfil evocatorio sobre la vida de Álvaro Gómez Hurtado, sobre sus avatares como político y periodista, completa esta obra de imprescindible lectura para entender, desde ángulos a veces contradictorios, los tremendos sucesos que han sacudido a Colombia en el último cuarto de siglo.
563 _aRústico
650 7 _2embne
_92578
_aPolítica social
653 _aPeriodismo -- Colombia
653 _aPeriodistas colombianos
653 _aEntrevista en periodismo.
942 _cBK
945 _aJTF-925
_bAEM-53